Nature crafts with a microwave

Bibliographic Details
Main Author: Cusick, Dawn
Format: Book
Published: New York : Sterling Publishing , 1995
Subjects:

MARC

LEADER 00000cam a2200000 7i4500
001 0000007632
002 000008198
005 20000330.0
020 |a 0806906677 
090 0 0 |a 745.5   |b CUS 
100 1 |a Cusick, Dawn 
245 1 0 |a Nature crafts with a microwave   |c Dawn Cusick 
260 |a New York :   |b Sterling Publishing ,   |c 1995 
300 |a 128 p. :   |b ill. ;   |c 26 cm. 
650 0 0 |a Microwave ovens 
999 |a 051970   |b BUKU   |c PINJAMAN   |e PERPUSTAKAAN KOMUNITI PETALING JAYA